• 首页
  • 本馆介绍
  • 公告通知
  • 最新文献
  • 馆藏检索
  • 电子资源
  • 读者导购
  • 参考咨询
  • 我的图书馆
  • 登录
  • 详细信息显示
  • 放入我的书架
  • 预约/预借图书
  • 作者相关作品
  • 分类相关作品
  • 丛书相关作品
  • 出版社相关作品

书目信息

  • 表格格式
  • 工作单格式
  • 卡片格式
题名:
最早的中国
    
 
作者: 许宏 著
分册:  
出版信息: 北京   科学出版社  2009
页数: 233页
开本: 24cm
丛书名:
单 册:
中图分类: K878.04
科图分类:
主题词: 二里头文化--文化遗址--研究 , 二里头文化 , 文化遗址
电子资源:
ISBN: 978-7-03-025033-9
000 00792nam0 22002651 450
001 523
005 20140910110459.06
010    @a978-7-03-025033-9@dCNY36.00
100    @a20100202d2009 em y0chiy50 ea
101 0  @achi
102    @aCN@b110000
105    @aa z 000yy
106    @ar
200 1  @a最早的中国@AZui Zao De Zhong Guo@dEarliest China@f许宏著@FXu Hong Zhu@zeng
210    @a北京@c科学出版社@d2009
215    @a233页@c彩图@d24cm
330    @a本书阐述了东亚历史上最早的广域王权国家即早期“中国”形成的过程。
510 1  @aEarliest China@zeng
606 0  @a二里头文化@x文化遗址@x研究
606 0  @a二里头文化
606 0  @a文化遗址
690    @aK878.04@v5
701  0 @a许宏@AXu Hong@f(1963~)@4著
801  0 @aCN@bTANGWEI@c20140603
905    @b0836568-70@dK878.04@e293@f3
    
    最早的中国=Earliest China/许宏著.-北京:科学出版社,2009
    233页:彩图;24cm
    
    
    ISBN 978-7-03-025033-9:CNY36.00
    本书阐述了东亚历史上最早的广域王权国家即早期“中国”形成的过程。
●
相关链接 在E读中查询图书 在五车中查询图书 在当当中查询图书 在豆瓣中查询图书


正题名:最早的中国     索取号:K878.04/293         预约/预借

序号 登录号 条形码 馆藏地/架位号 状态 备注
1 0836568   208365687   第二样本阅览室/ [索取号:K878.04/293] 在馆    
2 0836569   208365696   第二借阅区/ [索取号:K878.04/293] 在馆    
3 0836570   208365703   第二借阅区/ [索取号:K878.04/293] 在馆    
唐山师范学院图书馆 欢迎您!
大连网信软件有限公司© 版权所有